Statistiques concernant Traduction: les mois de l'année [fr -> en]

Cliquez ici pour prendre le quiz!

Statistiques générales

  • Ce quiz a été pris 37 fois
  • Le résultat moyen est 12 sur 12

Statistiques - réponses

Moismois% Correct
AvrilApril
100%
FévrierFebruary
100%
JanvierJanuary
100%
JuilletJuly
100%
JuinJune
100%
MarsMarch
100%
MaiMay
100%
NovembreNovember
100%
OctobreOctober
100%
SeptembreSeptember
100%
DécembreDecember
97%
AoûtAugust
94%

Distribution des résultats

Percentile par nombre de réponses

% des personnes avec chaque résultat

Votre développement - résultats

Vous n’avez pas pris ce quiz